Plan Estratǧico para la Produccin̤ de Granos en Mx̌ico

Detalles Bibliográficos
Autor principal: Barrales Domn̕guez, Jos ̌Sergio
Formato: eBook
Lenguaje:español
Publicado: Ciudad de Mx̌ico: Cm̀ara de Diputados, 2009
Materias:
Acceso en línea:Acceso restringido

MARC

LEADER 00000nam a22000007a 4500
005 20180331202054.0
007 cr|||| ||||
008 180331s2009 mx |||||s||||f00||0 spa d
035 |a 21242 
040 |a vLex 
090 |c 7610  |d 7610 
100 1 |a Barrales Domn̕guez, Jos ̌Sergio 
245 1 0 |a Plan Estratǧico para la Produccin̤ de Granos en Mx̌ico  |h [Recurso electrn̤ico] /  |c Jos ̌Sergio Barrales Domn̕guez 
256 |a Servicio en ln̕ea 
260 |a Ciudad de Mx̌ico:  |b Cm̀ara de Diputados,  |c 2009 
300 |a 1 recurso electrn̤ico 
506 1 |a Disponible solo en los productos indicados  |d vLex Global  |d vLex Global (Academic Edition, excluding Law Schools)  |d vLex Global (U.S. Academic Edition, Law Schools)  |d vLex Global (U.S. Academic Edition, excluding Law Schools)  |d vLex Global (Academic Edition, Law Schools) 
650 0 4 |a Derecho Pb︢lico y Administrativo  |z Mx̌ico 
740 0 |a vLex Libros (Servicio en ln̕ea) 
856 4 0 |u http://vlex.com/source/plan-estrategico-produccion-granos-mexico-21242  |z Acceso restringido 
942 |c BOOK 
999 0 |a Public and Administrative Law